Loading...
Civil society in Sri Lanka: new circles of power
| Hovedforfatter: | |
|---|---|
| Format: | Printed Book |
| Udgivet: |
New Delhi, Sage
2001
|
| Fag: |
| LEADER | 004650000a22001450004500 | ||
|---|---|---|---|
| 082 | |a 300 P1 | ||
| 100 | |a Wickramasinghe, Nira |f Author | ||
| 245 | |a Civil society in Sri Lanka: new circles of power | ||
| 260 | |a New Delhi, Sage | ||
| 260 | |c 2001 | ||
| 650 | |a Civil society and Sri lanka | ||
| 650 | |a Sri Lanka | ||
| 942 | |c BK | ||
| 999 | |c 141008 |d 141004 | ||
| 952 | |0 0 |1 0 |4 0 |6 300_000000000000000_P1 |7 0 |9 139791 |a SIRP |b SIRP |d 2017-10-05 |l 0 |o 300 P1 |p SIRP04816 |r 2017-10-05 |w 2017-10-05 |y BK | ||